Monumentos (Record no. 167588)

MARC details
000 -LEADER
campo de control de longitud fija 00754nam a2200217 i 4500
001 - NÚMERO DE CONTROL
campo de control 167588
003 - IDENTIFICADOR DE NÚMERO DE CONTROL
campo de control ES-MaACL
005 - FECHA Y HORA DE LA ÚLTIMA TRANSACCIÓN
campo de control 20250804120525.0
008 - DATOS DE LONGITUD FIJA--INFORMACIÓN GENERAL
campo de control de longitud fija 170823s1988 sp a |||| | spa d
020 ## - NÚMERO INTERNACIONAL ESTÁNDAR DEL LIBRO
Número Internacional Estándar del Libro 84-7273-137-5
245 00 - MENCIÓN DEL TÍTULO
Título Monumentos
Resto del título : fuentes, lápidas, esculturas y funerarios /
Mención de responsabilidad, etc. autores de la obra, Carmen Cayetano (fuentes) ... [et al.].
260 ## - PUBLICACIÓN, DISTRIBUCIÓN, ETC.
Lugar de publicación, distribución, etc. Madrid :
Nombre del editor, distribuidor, etc. Giner,
Fecha de publicación, distribución, etc. 1988.
300 ## - DESCRIPCIÓN FÍSICA
Extensión 612 p. :
Otras características físicas il. ;
Dimensiones 27 cm.
490 1# - MENCIÓN DE SERIE
Mención de serie Enciclopedia de Madrid ;
Designación de volumen o secuencia 1
650 04 - PUNTO DE ACCESO ADICIONAL DE MATERIA--TÉRMINO DE MATERIA
Término de materia o nombre geográfico como elemento de entrada Monumentos-
Subdivisión geográfica Madrid
9 (RLIN) 15181
650 #4 - PUNTO DE ACCESO ADICIONAL DE MATERIA--TÉRMINO DE MATERIA
Término de materia o nombre geográfico como elemento de entrada Monumentos funerarios-
Subdivisión geográfica Madrid.
9 (RLIN) 15188
700 1# - ENTRADA AGREGADA--NOMBRE PERSONAL
Nombre de persona Cayetano Martín, María del Carmen.
9 (RLIN) 37205
830 0# - PUNTO DE ACCESO ADICIONAL DE SERIE-TÍTULO UNIFORME
Título uniforme Enciclopedia de Madrid ;
Designación de volumen o secuencia 1
9 (RLIN) 188720
852 ## - LOCALIZACIÓN
Ubicación ES-MaACL
Número de control de estantería P-606 (1)
Holdings
Estatus retirado Estado de pérdida Estado de daño No para préstamo Biblioteca de origen Biblioteca actual Ubicación en estantería Fecha de adquisición Fuente de adquisición Total de préstamos Signatura topográfica completa Código de barras Visto por última vez Precio de reemplazo Tipo de ítem Koha
        Biblioteca del Ateneo de Madrid Biblioteca del Ateneo de Madrid Depósito 2 23/08/2017     P-606 (1) 1197951 23/02/2023 23/02/2023 Libro impreso